Clear the pH Scale! - Map Quiz - Statistics

General Stats
  • This quiz has been taken 64 times
  • The average score is 4 of 15
Answers on the Map
Answers color-coded by a green-red scale on the quiz's map according to % correct below.
 
Answer Stats
Answer % Correct
Pure Water
68%
Sea Water
45%
Stomach Acid
39%
Ammonia
34%
Bleach
34%
Battery
29%
Vinegar
29%
Coffee
24%
Milk
24%
Lemon
21%
Sodium Hydroxide
16%
Tomato Juice
16%
Caustic Soda
13%
Hand soap
13%
Magnesia
8%
No matching quizzes found
Score Distribution
Percent of People with Each Score
Percentile by Number Answered
Your Score History
You have not taken this quiz